Dua Lipa - Tous les clips - Statistiques

Statistiques générales
  • Ce quiz a été pris 98 fois
  • Le résultat moyen est 14 sur 27
Statistiques - réponses
Par images Réponse % Correct
Houdini
96%
Dance The Night
83%
Love Again
81%
Illusion
80%
Fever
79%
New Rules
79%
Training Season
79%
Physical
75%
Levitating (feat. DaBaby)
73%
Break My Heart
69%
Cold Heart
69%
One Kiss
69%
Don't Start Now
67%
IDGAF
67%
Blow Your Mind (Mwah)
49%
Hallucinate
45%
No Lie
37%
We're Good
29%
Be The One
25%
New Love
25%
Levitating
23%
Handlebars
21%
Lost In Your Light (feat. Miguel)
20%
Last Dance
17%
Hotter Than Hell
16%
Levitating (feat. Madonna and Missy Elliott)
12%
Thinking 'Bout You
11%
Aucun quiz correspondant
Distribution des résultats
% des personnes avec chaque résultat
Percentile par nombre de réponses
Votre historique - résultats
Vous n’avez pas pris ce quiz